000 00499nam a2200169 i 4500
001 132732
003 ES-MaACL
005 20251105063134.0
007 t|
008 070214s1915 xxk r ||||1| eng d
100 1 _aRosebery, Archibald Philip Primrose,
_cEarl of,
_d1847-1929
_999679
245 1 0 _aPitt /
_cArchibald Philip Primrose Rosebery.
260 _aLondon :
_bMacmillan and Co.,
_c1915.
300 _a298 p. ;
_c19 cm.
852 _aES-MaACL
_jC-2485
999 _c132732
_d132732